[Event "11t. Rusia tch 2010 Femenino"]
[Site "Dagomys RUS"]
[Date "2010.04.03"]
[Round "3.13"]
[White "Iljushina, Olga"]
[Black "Atalik, Ekaterina"]
[Result "1/2-1/2"]
[WhiteElo "2356"]
[BlackElo "2445"]
[PlyCount "114"]
[EventDate "2010.04.01"]
[EventType "team"]
[EventRounds "7"]
[EventCountry "RUS"]
[Source "lmi"]
[SourceDate "2010.04.01"]

1. d4 Nf6 2. c4 e6 3. g3 Bb4+ 4. Bd2 Be7 5. Bg2 d5 6. Nf3 O-O 7. O-O c6 8. Qc2
Nbd7 9. Bf4 b6 10. cxd5 cxd5 11. Bc7 Qe8 12. Nc3 Ba6 13. Qa4 Nb8 14. Qxe8 Rxe8
15. Rfc1 Rc8 16. Bf4 Nc6 17. Bf1 Ne4 18. g4 Bb4 19. Nd1 Na5 20. Rxc8+ Rxc8 21.
Rc1 Rxc1 22. Bxc1 Bd6 23. Nd2 Nxd2 24. Bxd2 Nc6 25. Bc3 f6 26. h3 Kf7 27. Ne3
b5 28. a3 b4 29. axb4 Bxb4 30. Bxb4 Nxb4 31. f4 e5 32. fxe5 fxe5 33. dxe5 Ke6
34. Nf5 g6 35. Nd4+ Kxe5 36. e3 Bxf1 37. Kxf1 Ke4 38. Ke2 Nd3 39. b3 a6 40. h4
h6 41. h5 gxh5 42. gxh5 Nf4+ 43. Kf2 a5 44. Nc6 Nd3+ 45. Kg3 Kxe3 46. Nxa5 Nb4
47. Kg4 d4 48. Kf5 d3 49. Kg6 Kd4 50. Nc4 Kc3 51. Kxh6 Kxb3 52. Nd2+ Kc2 53.
Nf3 Kd1 54. Ne5 Ke2 55. Nxd3 Nxd3 56. Kg7 Nf4 57. h6 Ne6+ 1/2-1/2

[Event "11t. Rusia tch 2010 Femenino"]
[Site "Dagomys RUS"]
[Date "2010.04.03"]
[Round "3.14"]
[White "Bodnaruk, Anastasia"]
[Black "Kovanova, Baira"]
[Result "1-0"]
[WhiteElo "2384"]
[BlackElo "2385"]
[PlyCount "131"]
[EventDate "2010.04.01"]
[EventType "team"]
[EventRounds "7"]
[EventCountry "RUS"]
[Source "lmi"]
[SourceDate "2010.04.01"]

1. e4 e5 2. Nf3 Nc6 3. Bb5 a6 4. Ba4 Nf6 5. O-O Be7 6. Re1 b5 7. Bb3 d6 8. c3
O-O 9. h3 Bb7 10. d4 Nd7 11. a3 exd4 12. cxd4 Na5 13. Ba2 c5 14. Nbd2 Nc6 15.
Nf1 Bf6 16. Be3 Rc8 17. Ng3 g6 18. Rc1 c4 19. Nh2 Bg7 20. f4 Qh4 21. Ne2 Qe7
22. Nc3 Na5 23. Bf2 Nf6 24. Bh4 Qd7 25. d5 Qc7 26. Bxf6 Bxf6 27. Ng4 Bg7 28. f5
h5 29. Ne3 Qe7 30. Qf3 Rce8 31. Nf1 Qg5 32. Rcd1 Bc8 33. Bb1 Nb3 34. g4 Nd4 35.
Qg2 hxg4 36. hxg4 gxf5 37. exf5 Qf4 38. Nh2 Bb7 39. Rf1 Qg5 40. f6 Bxf6 41. Qh3
Qg7 42. Rxf6 Ne2+ 43. Kh1 Nxc3 44. bxc3 Re2 45. g5 Rfe8 46. Ng4 R8e7 47. g6 Kf8
48. Kg1 Bc8 49. Rdf1 Re1 50. Bf5 Bxf5 51. R6xf5 Rxf1+ 52. Kxf1 Qxg6 53. Qh8+
Qg8 54. Qxg8+ Kxg8 55. Rf6 Re4 56. Nh6+ Kg7 57. Rxd6 f6 58. Nf5+ Kg6 59. Nd4
Re3 60. Rxa6 Rxc3 61. Nxb5 Rd3 62. d6 Kf7 63. Rc6 Rb3 64. Rc7+ Ke8 65. Nd4 Rb6
66. Re7+ 1-0

[Event "11t. Rusia tch 2010 Femenino"]
[Site "Dagomys RUS"]
[Date "2010.04.03"]
[Round "3.22"]
[White "Munguntuul, Batkhuyag"]
[Black "Muzychuk, Anna"]
[Result "1-0"]
[WhiteElo "2428"]
[BlackElo "2533"]
[PlyCount "69"]
[EventDate "2010.04.01"]
[EventType "team"]
[EventRounds "7"]
[EventCountry "RUS"]
[Source "lmi"]
[SourceDate "2010.04.01"]

1. e4 c5 2. Nf3 e6 3. d4 cxd4 4. Nxd4 a6 5. Nc3 b5 6. Bd3 Bb7 7. O-O Nc6 8.
Nxc6 Bxc6 9. Qe2 Qb8 10. a4 b4 11. Nd5 Bd6 12. h3 Nf6 13. Bc4 Be5 14. f4 Bd4+
15. Kh1 Qb7 16. Rd1 Bc5 17. f5 Be7 18. Nxf6+ Bxf6 19. e5 Be7 20. fxe6 dxe6 21.
Qg4 g5 22. Bxe6 h5 23. Qf5 Rf8 24. Kh2 Rd8 25. Rxd8+ Bxd8 26. Bc8 Be4 27. Bxb7
Bxf5 28. Bxa6 f6 29. exf6 Bxf6 30. Bd2 Bxb2 31. Re1+ Kf7 32. Bxb4 Rb8 33. c3
Ra8 34. Bb5 Rc8 35. Rf1 1-0

[Event "11t. Rusia tch 2010 Femenino"]
[Site "Dagomys RUS"]
[Date "2010.04.03"]
[Round "3.23"]
[White "Pogonina, Natalija"]
[Black "Zaiatz, Elena"]
[Result "1-0"]
[WhiteElo "2496"]
[BlackElo "2391"]
[PlyCount "77"]
[EventDate "2010.04.01"]
[EventType "team"]
[EventRounds "7"]
[EventCountry "RUS"]
[Source "lmi"]
[SourceDate "2010.04.01"]

1. e4 e5 2. Nf3 Nc6 3. Bb5 Nf6 4. d3 d6 5. d4 Bd7 6. Nc3 Be7 7. O-O O-O 8. d5
Nb8 9. Bxd7 Nbxd7 10. a4 Ne8 11. a5 a6 12. Na4 c6 13. dxc6 bxc6 14. Be3 f5 15.
exf5 d5 16. Bb6 Qb8 17. c4 Qd6 18. Qb3 Nef6 19. cxd5 cxd5 20. Ng5 Rfc8 21. Rfd1
Qb4 22. Qg3 Rc4 23. Ne6 Rg4 24. Qd3 Rc8 25. Nc3 Nxb6 26. axb6 Qxb6 27. Nxd5
Nxd5 28. Qxd5 Kh8 29. Rac1 Rg8 30. Qd7 Bh4 31. Rd2 Qb5 32. Qf7 Rc4 33. Rcd1 Qb6
34. g3 Bf6 35. Nxg7 Rc7 36. Qe6 Qxe6 37. Nxe6 Rb7 38. Nc5 Rb5 39. Ne4 1-0

[Event "11t. Rusia tch 2010 Femenino"]
[Site "Dagomys RUS"]
[Date "2010.04.03"]
[Round "3.24"]
[White "Vasilevich, Irina"]
[Black "Shadrina, Tatiana"]
[Result "1-0"]
[WhiteElo "2324"]
[BlackElo "2382"]
[PlyCount "57"]
[EventDate "2010.04.01"]
[EventType "team"]
[EventRounds "7"]
[EventCountry "RUS"]
[Source "lmi"]
[SourceDate "2010.04.01"]

1. e4 e5 2. Nf3 Nc6 3. Bb5 a6 4. Ba4 Nf6 5. d3 b5 6. Bb3 Be7 7. c3 O-O 8. Nbd2
d5 9. Qe2 Bb7 10. Nf1 Re8 11. Ng3 h6 12. Nf5 Bf8 13. g4 Ne7 14. Nxe7+ Bxe7 15.
g5 hxg5 16. Nxg5 c5 17. Rg1 c4 18. Bc2 cxd3 19. Qxd3 Nxe4 20. Nxe4 dxe4 21. Qg3
Bf8 22. Bg5 Qd7 23. Bb3 a5 24. Bf6 Qd3 25. Qxg7+ Bxg7 26. Rxg7+ Kh8 27. Rxf7+
Kg8 28. Rg7+ Kh8 29. Rxb7# 1-0

[Event "11t. Rusia tch 2010 Femenino"]
[Site "Dagomys RUS"]
[Date "2010.04.03"]
[Round "3.32"]
[White "Kovalevskaya, Ekaterina"]
[Black "Paikidze, Nazi"]
[Result "1/2-1/2"]
[WhiteElo "2438"]
[BlackElo "2322"]
[PlyCount "78"]
[EventDate "2010.04.01"]
[EventType "team"]
[EventRounds "7"]
[EventCountry "RUS"]
[Source "lmi"]
[SourceDate "2010.04.01"]

1. Nf3 Nf6 2. c4 e6 3. Nc3 d5 4. e3 c6 5. b3 Bd6 6. Bb2 Nbd7 7. Qc2 O-O 8. d4
b6 9. Bd3 Bb7 10. O-O Qe7 11. Rfe1 Rac8 12. e4 dxc4 13. bxc4 e5 14. Ne2 Nh5 15.
Rab1 c5 16. d5 g6 17. g3 Ng7 18. Nh4 Qd8 19. Ng2 f5 20. f4 fxe4 21. Bxe4 Qc7
22. fxe5 Nxe5 23. Nef4 Rce8 24. Nd3 Bc8 25. Ngf4 Nxd3 26. Nxd3 Bf5 27. Bxg7
Qxg7 28. Bxf5 gxf5 29. Rxe8 Rxe8 30. Qf2 Qg4 31. Re1 Re4 32. Kg2 Rxe1 33. Qxe1
f4 34. Qe4 f3+ 35. Qxf3 Qxc4 36. Qf5 Qc2+ 37. Kh3 Qe2 38. Qg5+ Kf7 39. Qf5+ Kg8
1/2-1/2

[Event "11t. Rusia tch 2010 Femenino"]
[Site "Dagomys RUS"]
[Date "2010.04.03"]
[Round "3.33"]
[White "Repina, Varvara"]
[Black "Matveeva, Svetlana"]
[Result "0-1"]
[WhiteElo "2240"]
[BlackElo "2373"]
[PlyCount "60"]
[EventDate "2010.04.01"]
[EventType "team"]
[EventRounds "7"]
[EventCountry "RUS"]
[Source "lmi"]
[SourceDate "2010.04.01"]

1. c4 c5 2. Nf3 Nc6 3. d4 cxd4 4. Nxd4 g6 5. e4 Bg7 6. Be3 Nf6 7. Nc3 d6 8. Be2
O-O 9. O-O Bd7 10. f3 a6 11. Qd2 Re8 12. Rac1 Rc8 13. Nxc6 Bxc6 14. b4 Bd7 15.
Rfd1 Be6 16. Nd5 Nxd5 17. exd5 Bd7 18. c5 Ba4 19. Re1 Qd7 20. Bd4 Bxd4+ 21.
Qxd4 e5 22. Qh4 Kg7 23. c6 bxc6 24. f4 cxd5 25. f5 f6 26. g4 Qa7+ 27. Kf1 Bb5
28. g5 fxg5 29. Qg4 Qf7 30. Bxb5 axb5 0-1

[Event "11t. Rusia tch 2010 Femenino"]
[Site "Dagomys RUS"]
[Date "2010.04.03"]
[Round "3.34"]
[White "Girya, Olga"]
[Black "Bukhteeva, Viktoria"]
[Result "1-0"]
[WhiteElo "2362"]
[BlackElo "2206"]
[PlyCount "53"]
[EventDate "2010.04.01"]
[EventType "team"]
[EventRounds "7"]
[EventCountry "RUS"]
[Source "lmi"]
[SourceDate "2010.04.01"]

1. e4 e5 2. Nf3 Nc6 3. Nc3 g6 4. d4 exd4 5. Nd5 h6 6. Nxd4 Bg7 7. Nb5 Be5 8. f4
a6 9. fxe5 axb5 10. Bf4 Ra4 11. Bd3 Nd4 12. O-O c6 13. b3 Ra6 14. Be3 Ne6 15.
a4 cxd5 16. exd5 Ne7 17. dxe6 Rxe6 18. axb5 d5 19. Qf3 Rh7 20. Bd4 Nf5 21. Bxf5
gxf5 22. Ra8 Rg6 23. Qc3 Kd7 24. Qc5 Qc7 25. Qxd5+ Ke8 26. Qc5 f6 27. Rxc8+ 1-0

[Event "11t. Rusia tch 2010 Femenino"]
[Site "Dagomys RUS"]
[Date "2010.04.04"]
[Round "4.11"]
[White "Zhukova, Natalia"]
[Black "Romanko, Marina"]
[Result "1/2-1/2"]
[WhiteElo "2492"]
[BlackElo "2409"]
[PlyCount "65"]
[EventDate "2010.04.01"]
[EventType "team"]
[EventRounds "7"]
[EventCountry "RUS"]
[Source "lmi"]
[SourceDate "2010.04.01"]

1. d4 Nf6 2. c4 g6 3. Nc3 Bg7 4. e4 d6 5. f3 O-O 6. Bg5 a6 7. Qd2 c5 8. d5 b5
9. cxb5 Qa5 10. a4 Nbd7 11. Nge2 Nb6 12. Nc1 axb5 13. Bxb5 Ba6 14. N1a2 Bxb5
15. axb5 Nh5 16. Rb1 Rfe8 17. O-O Bd4+ 18. Kh1 Bxc3 19. Nxc3 Qb4 20. g4 Ng7 21.
Bh6 f6 22. Ne2 Qxb5 23. Bxg7 Kxg7 24. Nf4 Ra7 25. Ne6+ Kh8 26. g5 Nd7 27. Rg1
Nf8 28. b4 Nxe6 29. dxe6 Qc4 30. gxf6 exf6 31. Qxd6 cxb4 32. Rxb4 Qxe6 33. Qxe6
1/2-1/2

[Event "11t. Rusia tch 2010 Femenino"]
[Site "Dagomys RUS"]
[Date "2010.04.04"]
[Round "4.12"]
[White "Paikidze, Nazi"]
[Black "Munguntuul, Batkhuyag"]
[Result "0-1"]
[WhiteElo "2322"]
[BlackElo "2428"]
[PlyCount "68"]
[EventDate "2010.04.01"]
[EventType "team"]
[EventRounds "7"]
[EventCountry "RUS"]
[Source "lmi"]
[SourceDate "2010.04.01"]

1. e4 c5 2. Nf3 e6 3. d4 cxd4 4. Nxd4 Nc6 5. Nc3 Qc7 6. Be3 a6 7. Qd2 Nf6 8. f3
Ne5 9. f4 Bb4 10. fxe5 Nxe4 11. Nxe4 Bxd2+ 12. Kxd2 Qxe5 13. Bd3 d5 14. Nf3 Qc7
15. Nc3 O-O 16. Rae1 Rd8 17. Bf2 f6 18. Nd4 e5 19. Nb3 Be6 20. Na4 d4 21. Nac5
Bd5 22. g4 e4 23. Bg3 e3+ 24. Kc1 Qc6 25. Rhf1 b6 26. Nxd4 Qxc5 27. Ne2 Bxa2
28. Nc3 Be6 29. Bf4 Qa5 30. Kb1 Rac8 31. Bxe3 Rxc3 32. bxc3 Qa2+ 33. Kc1 Rxd3
34. cxd3 Bb3 0-1

[Event "11t. Rusia tch 2010 Femenino"]
[Site "Dagomys RUS"]
[Date "2010.04.04"]
[Round "4.13"]
[White "Zaiatz, Elena"]
[Black "Repina, Varvara"]
[Result "1-0"]
[WhiteElo "2391"]
[BlackElo "2240"]
[PlyCount "111"]
[EventDate "2010.04.01"]
[EventType "team"]
[EventRounds "7"]
[EventCountry "RUS"]
[Source "lmi"]
[SourceDate "2010.04.01"]

1. d4 d5 2. c4 e6 3. Nc3 Be7 4. Nf3 Nf6 5. Qc2 O-O 6. Bg5 dxc4 7. e4 Nc6 8. e5
Nd5 9. Bxe7 Ndxe7 10. Rd1 Na5 11. Ng5 Nf5 12. Nce4 h6 13. Nf3 b5 14. g4 Nh4 15.
Nxh4 Qxh4 16. h3 Bb7 17. Bg2 Bd5 18. O-O Nc6 19. f4 Nb4 20. Qe2 Nxa2 21. Kh2
Nb4 22. f5 Bxe4 23. Bxe4 Rad8 24. Rf3 h5 25. gxh5 Qxh5 26. Rg1 exf5 27. Qg2 Qh6
28. Rxf5 f6 29. Rh5 Qf4+ 30. Kh1 g5 31. exf6 Rxd4 32. Rxg5+ Kf7 33. Bg6+ Ke6
34. Qe2+ Kd6 35. Qe7+ Kc6 36. Be8+ Kb7 37. Rxb5+ Ka8 38. Rb8+ Kxb8 39. Qxb4+
Kc8 40. Bc6 Qxf6 41. Qb7+ Kd8 42. Qb8+ Ke7 43. Qxc7+ Ke6 44. Re1+ Kf5 45. Rf1+
Ke6 46. Rxf6+ Rxf6 47. Bf3 a6 48. Qc5 Rff4 49. Kg2 Rd3 50. Bg4+ Kf6 51. Qa5 Rb3
52. Qd8+ Kg6 53. Qd6+ Rf6 54. Bh5+ Kg5 55. h4+ Kf5 56. Qd5+ 1-0

[Event "11t. Rusia tch 2010 Femenino"]
[Site "Dagomys RUS"]
[Date "2010.04.04"]
[Round "4.14"]
[White "Bukhteeva, Viktoria"]
[Black "Vasilevich, Irina"]
[Result "1-0"]
[WhiteElo "2206"]
[BlackElo "2324"]
[PlyCount "131"]
[EventDate "2010.04.01"]
[EventType "team"]
[EventRounds "7"]
[EventCountry "RUS"]
[Source "lmi"]
[SourceDate "2010.04.01"]

1. e4 c5 2. Nf3 e6 3. d4 cxd4 4. Nxd4 Nc6 5. Nc3 a6 6. Be2 Qc7 7. O-O Nf6 8.
Kh1 Be7 9. Be3 O-O 10. f4 d6 11. Qe1 Nxd4 12. Bxd4 b5 13. a3 Bb7 14. Bf3 e5 15.
fxe5 dxe5 16. Qg3 Bd6 17. Be3 Kh8 18. Qh4 Be7 19. Bg5 Ng8 20. Nd5 Bxg5 21. Qxg5
Bxd5 22. exd5 Rad8 23. Be4 g6 24. g4 f6 25. Qh4 Kg7 26. Rf3 Qc4 27. Re1 Rf7 28.
Rc3 Qd4 29. Rh3 Kf8 30. b3 Qc5 31. Rd1 Rd6 32. Qe1 Qc8 33. Qg3 Re7 34. Qf3 Kg7
35. Rg3 Nh6 36. h4 Rf7 37. Rf1 Kh8 38. Qe2 Qe8 39. c4 bxc4 40. bxc4 f5 41. c5
Rd8 42. gxf5 gxf5 43. Bf3 Qe7 44. Rg5 Qf6 45. Qb2 Rff8 46. d6 Nf7 47. Rh5 Rb8
48. Qc3 Qe6 49. Bd1 Rb1 50. Qc2 Qd5+ 51. Kh2 Rg8 52. Bf3 Qd4 53. Qxb1 Qf4+ 54.
Kh1 e4 55. Bxe4 Qg4 56. Qb2+ Rg7 57. Qb8+ Rg8 58. Qb2+ Rg7 59. Qxg7+ Qxg7 60.
Rhxf5 Qg3 61. Rxf7 Qxh4+ 62. Kg1 Qxe4 63. Rf8+ Kg7 64. R8f4 Qe3+ 65. Kh2 Qxc5
66. Rg1+ 1-0

[Event "11t. Rusia tch 2010 Femenino"]
[Site "Dagomys RUS"]
[Date "2010.04.04"]
[Round "4.22"]
[White "Pogonina, Natalija"]
[Black "Arakhamia-Grant, Ketevan"]
[Result "1-0"]
[WhiteElo "2496"]
[BlackElo "2447"]
[PlyCount "63"]
[EventDate "2010.04.01"]
[EventType "team"]
[EventRounds "7"]
[EventCountry "RUS"]
[Source "lmi"]
[SourceDate "2010.04.01"]

1. e4 c5 2. Nf3 e6 3. d4 cxd4 4. Nxd4 Nc6 5. Nc3 d6 6. Be2 Nf6 7. O-O Be7 8.
Kh1 O-O 9. f4 Bd7 10. Be3 Nxd4 11. Bxd4 Bc6 12. Bd3 Nd7 13. Qe1 e5 14. Be3 exf4
15. Bxf4 Ne5 16. Rd1 Bf6 17. Be2 Rc8 18. Qg3 Qe7 19. Rd2 a6 20. a4 Rfd8 21.
Rfd1 Qe6 22. h3 Nc4 23. Bg4 Qe8 24. Bxc8 Nxd2 25. Bxb7 Bxb7 26. Rxd2 Bxc3 27.
Qxc3 Qxe4 28. Qg3 Qxa4 29. Bh6 g6 30. Qc3 f6 31. Qxf6 Qd7 32. Rf2 1-0

[Event "11t. Rusia tch 2010 Femenino"]
[Site "Dagomys RUS"]
[Date "2010.04.04"]
[Round "4.23"]
[White "Atalik, Ekaterina"]
[Black "Muzychuk, Mariya"]
[Result "1/2-1/2"]
[WhiteElo "2445"]
[BlackElo "2444"]
[PlyCount "121"]
[EventDate "2010.04.01"]
[EventType "team"]
[EventRounds "7"]
[EventCountry "RUS"]
[Source "lmi"]
[SourceDate "2010.04.01"]

1. d4 f5 2. Bg5 h6 3. Bh4 g5 4. e3 Nf6 5. Bg3 e6 6. h4 Rg8 7. hxg5 hxg5 8. Bd3
d6 9. Nc3 Nc6 10. d5 Ne7 11. dxe6 Bxe6 12. Nf3 c5 13. Qe2 Nc6 14. O-O-O a6 15.
e4 f4 16. e5 dxe5 17. Bh7 Qe7 18. Bxg8 Bxg8 19. Bh2 g4 20. Nxe5 Qxe5 21. Qxe5+
Nxe5 22. Rhe1 Nfd7 23. Bxf4 Bg7 24. Rxd7 Kxd7 25. Bxe5 Bh6+ 26. Kb1 Re8 27.
Rd1+ Kc8 28. Bg3 b6 29. a4 Bg7 30. Nd5 Bxd5 31. Rxd5 Re1+ 32. Ka2 Re2 33. Kb3
c4+ 34. Kxc4 Rxc2+ 35. Kd3 Rxb2 36. Rg5 Rb3+ 37. Ke4 Bb2 38. Rxg4 Rb4+ 39. Kf5
Rxg4 40. Kxg4 Kd7 41. Kf5 b5 42. axb5 axb5 43. Ke4 Ke6 44. f4 b4 45. f5+ Kf7
46. Bh4 b3 47. Kd3 Be5 48. g4 Bd4 49. g5 Be5 50. Be1 Bd4 51. Bh4 Be5 52. g6+
Kg7 53. Bg5 Bd4 54. Be7 Be5 55. Bd8 Bd4 56. Bg5 Be5 57. Be7 Bd4 58. Ba3 Be5 59.
Kc4 b2 60. Bxb2 Bxb2 61. Kd5 1/2-1/2

[Event "11t. Rusia tch 2010 Femenino"]
[Site "Dagomys RUS"]
[Date "2010.04.04"]
[Round "4.24"]
[White "Savina, Anastasia"]
[Black "Bodnaruk, Anastasia"]
[Result "1/2-1/2"]
[WhiteElo "2391"]
[BlackElo "2384"]
[PlyCount "97"]
[EventDate "2010.04.01"]
[EventType "team"]
[EventRounds "7"]
[EventCountry "RUS"]
[Source "lmi"]
[SourceDate "2010.04.01"]

1. d4 Nf6 2. c4 g6 3. Nc3 Bg7 4. e4 d6 5. Nf3 O-O 6. Be2 e5 7. Be3 Ng4 8. Bg5
f6 9. Bh4 g5 10. Bg3 Nh6 11. c5 Nc6 12. cxd6 cxd6 13. dxe5 dxe5 14. Bc4+ Kh8
15. h3 g4 16. Qxd8 Rxd8 17. hxg4 Bxg4 18. Bd5 Bxf3 19. gxf3 Nd4 20. O-O-O Nxf3
21. Bxb7 Rab8 22. Rxd8+ Rxd8 23. Rd1 Nd4 24. Nb5 f5 25. Nxd4 exd4 26. e5 Ng4
27. e6 Bf6 28. Kd2 Kg7 29. Rc1 Kg6 30. Rc7 Re8 31. Bc8 Be5 32. Bd7 Re7 33. Rxa7
f4 34. Bh4 Bf6 35. Bxf6 Kxf6 36. Ke2 Ne5 37. Kd1 h5 38. b4 h4 39. Ra8 Nxd7 40.
exd7 Rxd7 41. Rh8 Ra7 42. Rxh4 Kg5 43. Rh3 Rxa2 44. Rb3 Rxf2 45. b5 Ra2 46. b6
Ra8 47. b7 Rb8 48. Ke2 Kg4 49. Kf2 1/2-1/2

[Event "11t. Rusia tch 2010 Femenino"]
[Site "Dagomys RUS"]
[Date "2010.04.04"]
[Round "4.32"]
[White "Paehtz, Elisabeth"]
[Black "Ivkina, Olga"]
[Result "1-0"]
[WhiteElo "2486"]
[BlackElo "2268"]
[PlyCount "65"]
[EventDate "2010.04.01"]
[EventType "team"]
[EventRounds "7"]
[EventCountry "RUS"]
[Source "lmi"]
[SourceDate "2010.04.01"]

1. e4 e6 2. d4 d5 3. Nd2 Nf6 4. e5 Nfd7 5. f4 c5 6. Ndf3 Nc6 7. c3 Qb6 8. Ne2
cxd4 9. Nexd4 Nc5 10. Qc2 Ne4 11. Be3 Bc5 12. Bd3 f5 13. exf6 Nxf6 14. b4 Be7
15. Nf5 d4 16. N5xd4 Nd5 17. Bf2 Nxf4 18. Be4 Nxd4 19. Bxd4 Qa6 20. g3 Nd5 21.
Bd3 Qc6 22. O-O Bf6 23. Bxh7 Bd7 24. Qg6+ Kd8 25. Ne5 Bxe5 26. Bxe5 Kc8 27.
Qxg7 Rd8 28. Bd4 Qc4 29. Qe5 a5 30. a3 a4 31. Rfd1 Rf8 32. Bd3 Qb3 33. Rdb1 1-0

[Event "11t. Rusia tch 2010 Femenino"]
[Site "Dagomys RUS"]
[Date "2010.04.04"]
[Round "4.33"]
[White "Solovjova, Valentina"]
[Black "Iljushina, Olga"]
[Result "0-1"]
[WhiteElo "2256"]
[BlackElo "2356"]
[PlyCount "74"]
[EventDate "2010.04.01"]
[EventType "team"]
[EventRounds "7"]
[EventCountry "RUS"]
[Source "lmi"]
[SourceDate "2010.04.01"]

1. e4 c5 2. c3 g6 3. d4 cxd4 4. cxd4 d5 5. e5 Nc6 6. Nc3 Nh6 7. h3 Bg7 8. g4 f6
9. f4 Nf7 10. Bg2 e6 11. Nf3 O-O 12. O-O b5 13. Rf2 Bd7 14. h4 a5 15. Ne2 Qb6
16. Ng3 fxe5 17. fxe5 Nfxe5 18. dxe5 Nxe5 19. Bd2 Nxg4 20. Be1 Bxb2 21. Rb1 Bc3
22. Bxc3 Qxf2+ 23. Kh1 Qxg3 24. Qd4 Rf6 25. Be1 Qf4 26. Qb6 Rc8 27. Bd2 Qc7 28.
Qd4 Qc4 29. Qg1 Qxa2 30. Bg5 Rxf3 31. Bxf3 Nf2+ 32. Kg2 Nd1+ 33. Kg3 Qxb1 34.
Qa7 Be8 35. Bf6 Bf7 36. Qd7 Qc2 37. Bxd1 Qc7+ 0-1

[Event "11t. Rusia tch 2010 Femenino"]
[Site "Dagomys RUS"]
[Date "2010.04.04"]
[Round "4.34"]
[White "Tarasova, Viktoriya"]
[Black "Gromova, Iulia"]
[Result "1/2-1/2"]
[WhiteElo "2261"]
[BlackElo "2226"]
[PlyCount "131"]
[EventDate "2010.04.01"]
[EventType "team"]
[EventRounds "7"]
[EventCountry "RUS"]
[Source "lmi"]
[SourceDate "2010.04.01"]

1. d4 Nf6 2. c4 g6 3. Nc3 Bg7 4. e4 d6 5. Nf3 O-O 6. Be2 e5 7. Be3 Ng4 8. Bg5
f6 9. Bh4 Nd7 10. dxe5 dxe5 11. b4 a5 12. a3 c6 13. c5 Qe7 14. Qb3+ Kh8 15. O-O
axb4 16. axb4 Rxa1 17. Rxa1 Rd8 18. Rd1 Nf8 19. Bc4 Rxd1+ 20. Qxd1 g5 21. Bg3
Ne6 22. Qa1 Nc7 23. Qa7 Be6 24. Be2 Ne8 25. Qb8 Nh6 26. Nd2 Nf7 27. Nc4 Nd8 28.
h3 Bf8 29. Ne3 Qc7 30. Qa8 b5 31. cxb6 Qxb6 32. Na4 Qc7 33. Nc5 Qc8 34. Qa7 Qc7
35. Qa8 Qc8 36. Qa4 Bxc5 37. bxc5 Nb7 38. Qa7 Nc7 39. h4 h6 40. Qb6 Nb5 41.
Bxb5 cxb5 42. c6 Nd6 43. f3 Nc4 44. Nxc4 bxc4 45. hxg5 hxg5 46. Be1 Kg7 47. Ba5
Kg6 48. Kf2 g4 49. fxg4 Bxg4 50. Qc5 Be6 51. Qd6 Qe8 52. Ke3 Kf7 53. Bb4 Kg6
54. Kd2 Bc8 55. Qc7 Be6 56. Qd6 Bc8 57. Kc3 Qe6 58. Qd5 Qg4 59. Qxc4 Qg3+ 60.
Qd3 Qxg2 61. Ba3 Qa2 62. Kb4 Qe6 63. Qg3+ Kf7 64. Qb3 Qxb3+ 65. Kxb3 Ke6 66.
Kc4 1/2-1/2

[Event "11t. Rusia tch 2010 Femenino"]
[Site "Dagomys RUS"]
[Date "2010.04.05"]
[Round "5.12"]
[White "Akatova, Ekaterina"]
[Black "Muzychuk, Anna"]
[Result "0-1"]
[WhiteElo "2275"]
[BlackElo "2533"]
[PlyCount "68"]
[EventDate "2010.04.01"]
[EventType "team"]
[EventRounds "7"]
[EventCountry "RUS"]
[Source "lmi"]
[SourceDate "2010.04.01"]

1. e4 e5 2. Nf3 Nc6 3. Bb5 a6 4. Ba4 Nf6 5. O-O Be7 6. Re1 b5 7. Bb3 d6 8. c3
O-O 9. h3 Bb7 10. d4 Nd7 11. Nbd2 exd4 12. cxd4 Bf6 13. Nf1 Re8 14. Ng3 g6 15.
a3 Na5 16. Ba2 c5 17. Bf4 cxd4 18. Nxd4 Ne5 19. Bd2 Nac4 20. Bc3 Rc8 21. f4 Nd7
22. Qg4 Nc5 23. Rad1 Nxe4 24. Nxe4 Bxe4 25. f5 d5 26. fxg6 fxg6 27. Kh1 h5 28.
Qf4 Bg5 29. Qh2 Ne3 30. Rd2 Rxc3 31. bxc3 Nf1 32. Rxf1 Bxd2 33. Nc6 Qd7 34. Ne5
Rxe5 0-1

[Event "11t. Rusia tch 2010 Femenino"]
[Site "Dagomys RUS"]
[Date "2010.04.05"]
[Round "5.13"]
[White "Pogonina, Natalija"]
[Black "Bronnikova, Elizaveta"]
[Result "1-0"]
[WhiteElo "2496"]
[BlackElo "2271"]
[PlyCount "91"]
[EventDate "2010.04.01"]
[EventType "team"]
[EventRounds "7"]
[EventCountry "RUS"]
[Source "lmi"]
[SourceDate "2010.04.01"]

1. e4 e6 2. d4 d5 3. Nd2 Be7 4. Bd3 c5 5. dxc5 Nf6 6. Qe2 O-O 7. Ngf3 a5 8. O-O
Na6 9. exd5 Qxd5 10. Ne4 Nxc5 11. Nxc5 Qxc5 12. Be3 Qc7 13. Bd4 Rd8 14. Rad1
Bd7 15. c3 Ba4 16. Rd2 g6 17. Re1 Nd5 18. g3 Bf6 19. Be4 Bxd4 20. Nxd4 Be8 21.
Bg2 Rac8 22. Bf1 Qc5 23. Red1 Nf6 24. Nb3 Qc7 25. Rxd8 Rxd8 26. Rxd8 Qxd8 27.
Qe5 b6 28. Nd4 Nd5 29. Bg2 Qc7 30. Qe2 Qc5 31. h4 h5 32. Qa6 Nc7 33. Qc8 Kg7
34. Qd8 Bb5 35. Nf3 Nd5 36. Qg5 f6 37. Qd2 Ne7 38. b4 axb4 39. cxb4 Qc7 40. Nd4
Bd7 41. b5 e5 42. Nc6 Nf5 43. a4 Bxc6 44. bxc6 Nd4 45. Qb4 Ne6 46. a5 1-0

[Event "11t. Rusia tch 2010 Femenino"]
[Site "Dagomys RUS"]
[Date "2010.04.05"]
[Round "5.14"]
[White "Gromova, Iulia"]
[Black "Shadrina, Tatiana"]
[Result "1/2-1/2"]
[WhiteElo "2226"]
[BlackElo "2382"]
[PlyCount "109"]
[EventDate "2010.04.01"]
[EventType "team"]
[EventRounds "7"]
[EventCountry "RUS"]
[Source "lmi"]
[SourceDate "2010.04.01"]

1. d4 Nf6 2. Nf3 d5 3. c4 e6 4. e3 a6 5. b3 c5 6. Bb2 cxd4 7. exd4 dxc4 8. bxc4
Bb4+ 9. Nbd2 Nc6 10. Bd3 O-O 11. O-O b6 12. Ne4 Be7 13. Rc1 Bb7 14. Neg5 h6 15.
Nh3 Rc8 16. Qe2 Qc7 17. d5 Nd8 18. Nd4 Bd6 19. dxe6 fxe6 20. Nxe6 Nxe6 21.
Qxe6+ Kh8 22. Rfe1 Rce8 23. Qf5 Bc8 24. Qg6 Bxh2+ 25. Kf1 Be5 26. Rxe5 Rxe5 27.
Bxe5 Qxe5 28. Re1 Qh5 29. Qxh5 Nxh5 30. Bg6 Bxh3 31. Bxh5 Bf5 32. Rd1 g6 33.
Bf3 Kg7 34. Rd6 Rf6 35. Rd4 Re6 36. Bd5 Re7 37. Rd2 Rd7 38. Rb2 Rd6 39. f3 h5
40. Kf2 Be6 41. Ke3 Bxd5 42. cxd5 Rxd5 43. Rxb6 Ra5 44. Rb2 Kf6 45. Kf4 Ra4+
46. Kg3 Kf5 47. Rc2 Ra5 48. Kh4 Ra4+ 49. Kg3 h4+ 50. Kh3 g5 51. g3 hxg3 52.
Kxg3 Ra5 53. Re2 Rb5 54. Re4 Ra5 55. Re2 1/2-1/2

[Event "11t. Rusia tch 2010 Femenino"]
[Site "Dagomys RUS"]
[Date "2010.04.05"]
[Round "5.21"]
[White "Romanko, Marina"]
[Black "Cmilyte, Viktorija"]
[Result "0-1"]
[WhiteElo "2409"]
[BlackElo "2485"]
[PlyCount "58"]
[EventDate "2010.04.01"]
[EventType "team"]
[EventRounds "7"]
[EventCountry "RUS"]
[Source "lmi"]
[SourceDate "2010.04.01"]

1. d4 e6 2. c4 f5 3. Nf3 Nf6 4. g3 d5 5. Bg2 c6 6. b3 Bd6 7. O-O Qe7 8. Bb2 b6
9. Nbd2 Bb7 10. Ne5 O-O 11. Nd3 a5 12. a4 Na6 13. Nf3 c5 14. e3 Nb4 15. Nfe5
Rad8 16. cxd5 exd5 17. Re1 Ne4 18. f3 Nxd3 19. Qxd3 Bxe5 20. dxe5 Ng5 21. h3 d4
22. exd4 f4 23. g4 Ne6 24. Qc4 Bd5 25. Qb5 Qh4 26. dxc5 Bxf3 27. Bxf3 Qg3+ 28.
Bg2 f3 29. Re2 fxe2 0-1